Statistics for Famous Tall People

Click here to take the quiz!

General Stats

  • This quiz has been taken 19,107 times
    (6,924 since last reset)
  • The average score is 11 of 20

Answer Stats

ClueAnswer% Correct
Giant killed by David *Goliath
90%
Fastest sprinter of all timeUsain Bolt
89%
Tallest U.S. PresidentAbraham Lincoln
73%
Wrestling legend who starred in "Princess Bride"André the Giant
71%
Chinese basketball player, #1 NBA draft pick in 2000Yao Ming
70%
This NBA star recorded more than 3000 slam dunks
during his career with the Lakers and Magic
Shaquille O'Neal
69%
This mercurial basketball star was married to
Carmen Electra before improbably becoming friends
with Kim Jong-un
Dennis Rodman
65%
She towered over ex-husband Tom CruiseNicole Kidman
64%
President of France from 1958–1969Charles de Gaulle
59%
This host of "Drag Race" is much taller when he
dons his afro and high heels
RuPaul
57%
She starred in "Alien" and "Ghostbusters"Sigourney Weaver
57%
Tsar of Russia for 42 yearsPeter the Great
51%
Actor who escaped from Shawshank PrisonTim Robbins
45%
Red-headed actress who starred in
"Thelma and Louise" and "Beetlejuice"
Geena Davis
44%
"Jurassic Park" authorMichael Crichton
44%
Russian tennis player who has won
five Grand Slam events
Maria Sharapova
39%
Comedic partner of Hugh LaurieStephen Fry
33%
He starred in "Swingers" and "Old School"Vince Vaughn
30%
Tallest person of all timeRobert Wadlow
27%
Actor who starred as ChewbaccaPeter Mayhew
19%

Score Distribution

Percentile by Number Answered

Percent of People with Each Score

Your Score History

You have not taken this quiz since the last reset